[Event "Rodostosah GM 2019"]
[Site "Tekirdag"]
[Date "2019.02.15"]
[Round "8.4"]
[White "Pikula, Dejan"]
[Black "Can, Isik"]
[Result "1-0"]
[WhiteElo "2477"]
[BlackElo "2382"]
[Annotator "RC"]
[PlyCount "103"]
[EventDate "2019.02.08"]
[EventType "schev"]
[EventCountry "TUR"]
[SourceTitle "playchess.com"]
[Source "ChessBase"]
[SourceQuality "1"]
[TimeControl "5400+30"]

1. e4 {[%emt 0:00:30]} c6 {[%emt 0:00:30]} 2. d3 {[%emt 0:00:30]} d5 {[%emt 0:00:30]} 3. Nd2 {[%emt 0:00:30]} e5 {[%emt 0:00:30]} 4. Ngf3 {[%emt 0:00:30]} Bd6 {[%emt 0:00:00]} 5. Be2 {[%emt 0:00:00]} Nf6 {[%emt 0:00:00]} 6. O-O {[%emt 0:00:00]} O-O {[%emt 0:00:30]} 7. Re1 {[%emt 0:00:30]} Re8 {[%emt 0:00:30]} 8. Bf1 {[%emt 0:00:30]} Nbd7 {[%emt 0:03:30]} 9. c3 {[%emt 0:02:30]} a5 {[%emt 0:05:30]} 10. b3 {[%emt 0:01:30]} a4 {[%emt 0:05:30]} 11. b4 {[%emt 0:00:30]} b5 {[%emt 0:11:30]} 12. a3 {[%emt 0:00:30]} Nb6 {[%emt 0:03:30]} 13. c4 {[%emt 0:13:30]} Bc7 {[%emt 0:12:30]} 14. cxd5 {[%emt 0:03:30]} cxd5 {[%emt 0:00:30]} 15. exd5 {[%emt 0:00:00]} Nbxd5 {[%emt 0:03:30]} 16. Bb2 {[%emt 0:00:00]} Bg4 {[%emt 0:01:30]} 17. h3 {[%emt 0:03:30]} Bh5 {[%emt 0:01:30]} 18. Ne4 {[%emt 0:00:30]} Nf4 {[%emt 0:20:30]} 19. Ng3 {[%emt 0:01:30]} Qd5 {[%emt 0:08:24]} 20. Nxh5 {[%emt 0:00:30]} N4xh5 {[%emt 0:00:11]} 21. Rc1 {[%emt 0:02:30]} Bd6 {[%emt 0:00:07]} 22. g3 {[%emt 0:00:30]} Rac8 {[%emt 0:01:34]} 23. Rxc8 {[%emt 0:06:30]} Rxc8 {[%emt 0:00:10]} 24. Bxe5 {[%emt 0:00:30]} Bxe5 {[%emt 0:01:21]} 25. Nxe5 {[%emt 0:00:30]} Qa2 {[%emt 0:07:52]} 26. Qa1 {[%emt 0:03:30]} Qc2 {[%emt 0:04:26]} 27. Qd4 {[%emt 0:05:30]} Qc3 {[%emt 0:01:29]} 28. Qxc3 {[%emt 0:00:30]} Rxc3 {[%emt 0:00:30]} 29. d4 {[%emt 0:00:00]} Rxa3 {[%emt 0:00:20]} 30. Bxb5 {[%emt 0:00:00]} Rb3 {[%emt 0:00:00]} 31. Bc4 {[%emt 0:03:30]} Rxb4 {[%emt 0:00:46]} 32. Bxf7+ {[%emt 0:00:30]} Kf8 {[%emt 0:00:00]} 33. Bc4 {[%emt 0:00:00]} a3 {[%emt 0:04:20]} 34. d5 {[%emt 0:00:00]} Rb2 {[%emt 0:00:00]} 35. Ra1 {[%emt 0:00:00]} Rd2 {[%emt 0:00:17]} 36. Rxa3 {[%emt 0:05:00]} Nxd5 {[%emt 0:00:02]} 37. Ra7 {[%emt 0:00:30]} Nhf6 {[%emt 0:00:55]} 38. Nd7+ {[%emt 0:02:30]} Ke7 {[%emt 0:02:39]} 39. Nb6+ {[%emt 0:00:30]} Kf8 {[%emt 0:00:32]} 40. Nxd5 {[%emt 0:00:30]} Nxd5 {[%emt 0:00:02]} 41. Rd7 {[%emt 0:00:30]} Rd1+ {[%emt 0:00:30]} 42. Kh2 {[%emt 0:00:30]} Nc3 {[%emt 0:00:00]} 43. Rf7+ {[%emt 0:00:00]} Ke8 {[%emt 0:00:00]} 44. Rxg7 {[%emt 0:01:00]} Rd2 {[%emt 0:00:04]} 45. Kg1 {[%emt 0:03:30]} Ne4 {[%emt 0:00:43]} 46. Rf7 {[%emt 0:00:30]} Rc2 {[%emt 0:02:20]} 47. Bd5 {[%emt 0:03:30]} Rd2 {[%emt 0:01:18]} 48. Rf4 {[%emt 0:02:30]} Ng5 {[%emt 0:00:21]} 49. Bg2 {[%emt 0:00:30]} Ke7 {[%emt 0:00:30]} 50. h4 {[%emt 0:00:30]} Ne6 {[%emt 0:00:09]} 51. Ra4 {[%emt 0:00:30]} Kf6 {[%emt 0:00:41]} 52. Ra6 {[%emt 0:02:30]} 1-0

[Event "Rodostosah GM 2019"]
[Site "Tekirdag"]
[Date "2019.02.15"]
[Round "8.5"]
[White "Stankovic, Milos"]
[Black "Ozenir, Ekin Baris"]
[Result "1/2-1/2"]
[WhiteElo "2453"]
[BlackElo "2262"]
[Annotator "ChessBase"]
[PlyCount "74"]
[EventDate "2019.02.08"]
[EventType "schev"]
[EventCountry "TUR"]
[SourceTitle "playchess.com"]
[Source "ChessBase"]
[SourceQuality "1"]
[TimeControl "5400+30"]

1. e4 {[%emt 0:03:30]} Nc6 {[%emt 0:00:30]} 2. Nf3 {[%emt 0:00:30]} d6 {[%emt 0:00:00]} 3. d4 {[%emt 0:00:30]} Nf6 {[%emt 0:00:00]} 4. Nc3 {[%emt 0:00:30]} g6 {[%emt 0:00:30]} 5. Be2 {[%emt 0:00:30]} Bg7 {[%emt 0:01:30]} 6. O-O {[%emt 0:01:30]} O-O {[%emt 0:00:30]} 7. Bf4 {[%emt 0:00:30]} Bg4 {[%emt 0:11:30]} 8. d5 {[%emt 0:00:30]} e5 {[%emt 0:04:30]} 9. dxc6 {[%emt 0:10:30]} exf4 {[%emt 0:00:30]} 10. cxb7 {[%emt 0:16:30]} Rb8 {[%emt 0:00:30]} 11. e5 {[%emt 0:00:30]} Nd7 {[%emt 0:28:30]} 12. exd6 {[%emt 0:19:30]} Rxb7 {[%emt 0:00:30]} 13. Rb1 {[%emt 0:00:30]} cxd6 {[%emt 0:14:30]} 14. Qxd6 {[%emt 0:02:30]} Qb8 {[%emt 0:00:30]} 15. Qxb8 {[%emt 0:17:30]} Rfxb8 {[%emt 0:00:30]} 16. Na4 {[%emt 0:03:14]} Bxb2 {[%emt 0:07:30]} 17. c3 {[%emt 0:00:07]} Ba3 {[%emt 0:04:30]} 18. Rxb7 {[%emt 0:04:34]} Rxb7 {[%emt 0:01:30]} 19. Ba6 {[%emt 0:00:06]} Rb8 {[%emt 0:05:26]} 20. Bc4 {[%emt 0:01:00]} Rc8 {[%emt 0:04:47]} 21. Bd5 {[%emt 0:00:50]} Nf6 {[%emt 0:03:12]} 22. Bb3 {[%emt 0:00:14]} Bd7 {[%emt 0:02:02]} 23. Re1 {[%emt 0:00:18]} Bxa4 {[%emt 0:01:09]} 24. Bxa4 {[%emt 0:00:24]} Rxc3 {[%emt 0:00:08]} 25. Bb3 {[%emt 0:00:38]} Kg7 {[%emt 0:01:42]} 26. Nd4 {[%emt 0:00:15]} Rd3 {[%emt 0:03:29]} 27. Ne2 {[%emt 0:01:37]} g5 {[%emt 0:01:58]} 28. h4 {[%emt 0:01:58]} h6 {[%emt 0:00:13]} 29. Rd1 {[%emt 0:00:00]} Rxd1+ {[%emt 0:00:32]} 30. Bxd1 {[%emt 0:00:00]} Bc5 {[%emt 0:00:20]} 31. hxg5 {[%emt 0:00:33]} hxg5 {[%emt 0:00:30]} 32. Nc3 {[%emt 0:00:00]} Kg6 {[%emt 0:01:29]} 33. Bc2+ {[%emt 0:00:00]} Kh6 {[%emt 0:00:55]} 34. Ne4 {[%emt 0:00:15]} Nxe4 {[%emt 0:00:56]} 35. Bxe4 {[%emt 0:00:02]} g4 {[%emt 0:00:00]} 36. Kf1 {[%emt 0:00:52]} Kg5 {[%emt 0:00:04]} 37. Bd5 {[%emt 0:00:00]} f6 {[%emt 0:00:22]} 1/2-1/2

[Event "Rodostosah GM 2019"]
[Site "Tekirdag"]
[Date "2019.02.15"]
[Round "9.1"]
[White "Gokerkan, Cem Kaan"]
[Black "Bajarani, Ulvi"]
[Result "0-1"]
[WhiteElo "2423"]
[BlackElo "2420"]
[Annotator "TA"]
[PlyCount "125"]
[EventDate "2019.02.08"]
[EventType "schev"]
[EventCountry "TUR"]
[SourceTitle "playchess.com"]
[Source "ChessBase"]
[SourceQuality "1"]

{[%evp 12,125,13,4,14,1,4,7,10,0,0,0,0,0,0,0,18,0,0,0,0,0,0,0,4,4,15,0,0,-6,0,0,0,0,0,0,0,-1,0,0,0,0,0,0,0,0,0,0,0,0,0,-8,-8,-8,-8,-8,-8,-52,-47,-54,-8,-8,-8,-10,0,-8,-8,-8,-8,-8,-8,-8,-8,-27,-8,-22,-8,-202,-193,-185,-206,-200,-187,-178,-8,-8,-8,-8,-8,-796,-776,-510,-507,-1247,-1259,-1460,-1178,-4900,-4307,-29979,-29979,-29980,-29979,-29979,-29980,-29983,-29984,-29984,-29985,-29985,-29986,-29986,-29985,-29985,-29984,-29991]} 1. e4 e6 2. d4 d5 3. Nd2 Be7 4. Ngf3 Nf6 5. Bd3 c5 6. exd5 Qxd5 7. dxc5 Qxc5 {C03: French Tarrasch: Unusual Black 3rd moves} 8. O-O O-O (8... Nbd7 9. a4 Qc7 10. a5 Nc5 11. Bc4 O-O 12. Qe2 Rd8 13. Ne5 {½-½ (34) Movsesian,S (2671)-Erdos,V (2624) Heraklio 2017}) 9. Qe2 Nbd7 {The position is equal.} 10. Re1 Qc7 11. Ne4 b6 12. Bg5 {Threatening Nxf6+.} Bb7 13. Rad1 $146 ({Predecessor:} 13. c3 Rfe8 14. Rad1 h6 15. Bh4 Bxe4 16. Bxe4 Nxe4 17. Qxe4 Bxh4 18. Nxh4 {½-½ (40) Ramos,A (2126)-Rodrigues,N (2035) Rio de Janeiro 2012}) 13... Rad8 14. c3 Rfe8 15. Nxf6+ Bxf6 16. Be4 Bxg5 17. Nxg5 Nf6 18. Bxb7 Qxb7 19. Rxd8 Rxd8 20. Rd1 Qc7 21. Nf3 h6 22. Rxd8+ Qxd8 23. Qd2 Qxd2 24. Nxd2 $11 {[%mdl 4096] Endgame KN-KN} Nd7 25. Kf1 Kf8 26. Ke2 Ke7 27. b4 f5 28. a4 e5 29. f3 Ke6 30. Nc4 Nf6 31. Kd3 Nd5 32. g3 g6 33. Na3 h5 34. Nc2 g5 35. c4 Nf6 36. h3 Nd7 37. Ne3 Nf6 38. Nc2 g4 39. fxg4 hxg4 40. hxg4 Nxg4 41. Ke2 Nf6 {White should prevent ...Ne4.} 42. Ke3 Nd7 43. Ne1 a5 44. bxa5 $2 (44. Nd3 $11 {and White stays safe.}) 44... bxa5 $19 45. Nd3 Kd6 46. Ke2 e4 47. Nc1 Nc5 $2 (47... Ne5 $19 48. Ke3 Kc5 49. Nb3+ Kb4) 48. Kd2 Ke6 {White must now prevent ...Kf6.} 49. Ke2 Kf6 {And now ...Kg5 would win.} 50. Kf2 $2 {[%mdl 8192] [#]} (50. Ke3 $11) 50... Kg5 $1 {[%cal Rg5g4]} 51. Ke3 {[#]} Kg4 $1 52. Kd4 (52. Kf2 $142 Kh3 53. Ne2) 52... Nxa4 53. Nb3 Kxg3 54. Nxa5 f4 55. Nb3 e3 {Black mates.} 56. Nc1 Kf3 57. Ke5 Nb6 58. Kd4 e2 59. Nd3 {[#]} Nxc4 $1 {[%mdl 512]} 60. Ne1+ (60. Kxc4 Ke3) 60... Kf2 61. Nd3+ Kf1 62. Ke4 {[#]} Nb2 $1 {[%mdl 512]} 63. Kd4 {Accuracy: White = 48%, Black = 67%.} (63. Nxb2 e1=Q+) 0-1

[Event "Rodostosah GM 2019"]
[Site "Tekirdag"]
[Date "2019.02.15"]
[Round "9.2"]
[White "Kamer, Kayra"]
[Black "Annageldyev, Orazly"]
[Result "1-0"]
[WhiteElo "2419"]
[BlackElo "2377"]
[Annotator "TA"]
[PlyCount "131"]
[EventDate "2019.02.08"]
[EventType "schev"]
[EventCountry "TUR"]
[SourceTitle "playchess.com"]
[Source "ChessBase"]
[SourceQuality "1"]

{[%evp 9,131,-22,-22,-28,-28,-28,-19,-30,32,32,33,-12,22,15,26,19,25,25,33,0,0,0,20,20,33,18,25,8,11,-20,-13,-25,7,-1,21,26,58,0,0,-84,-22,-169,1,-99,-7,-11,78,68,62,-55,-32,-43,-24,-20,44,17,81,69,98,92,89,0,58,0,56,0,39,0,20,32,24,22,13,0,0,0,0,0,0,0,195,183,201,197,188,182,169,172,425,240,240,240,29953,29954,12820,6177,29970,29970,29961,29946,29972,29974,29974,29975,29975,29976,29975,29976,29979,29980,29980,29981,29981,29981,29981,29978,29978,29979,29979,29980,29980,29981,29981,29980]} 1. Nc3 c5 2. Nf3 d5 3. e4 d4 4. Nb1 (4. Ne2 Nc6 5. Ng3 a6 6. Bc4 b5 7. Bd5 Bd7 8. d3 e6 9. Bb3 Bd6 10. O-O Nge7 11. Bd2 Ng6 12. a4 O-O 13. Nh5 Rc8 14. axb5 axb5 {1-0 (44) Andreikin,D (2720)-Inarkiev,E (2660) Moscow 2015}) 4... Nf6 5. e5 Nd5 6. c3 $146 {A00: Irregular Openings} ({Predecessor:} 6. c4 Nb4 7. a3 N4c6 8. d3 Qc7 9. Bf4 Bg4 10. Nbd2 f6 11. h3 fxe5 12. Bh2 Bh5 {1-0 (44) Souza,R (2154)-Goes Filho,F (1715) Recife 2017}) 6... Nc6 7. Bb5 Bd7 8. O-O {The position is equal.} dxc3 (8... Nc7 $11 9. Bxc6 Bxc6) 9. dxc3 $14 e6 10. Bg5 (10. Bd3 {keeps more tension.} Qc7 11. Re1 a6 12. Nbd2 h6 13. Bc2) 10... Be7 (10... Qc7 {looks sharper.} 11. Re1 h6 12. Bh4 Nde7 13. Bg3 Nf5) 11. Bxe7 Qxe7 12. Nbd2 O-O 13. a4 Rad8 14. Ne4 a6 15. Bd3 Bc8 16. Qc1 f5 17. exf6 $1 gxf6 18. Bc4 Na5 19. Ba2 (19. Bxd5 $5 Rxd5 20. Qh6 $11) 19... c4 20. Re1 Kh8 21. Qh6 Rg8 22. Rad1 Rg6 23. Qd2 ({Better is} 23. Qh4 $14) 23... Bd7 $11 24. Neg5 (24. Nh4 $11 Rgg8 25. Qh6) 24... Re8 (24... fxg5 $6 25. Qxd5 $1 {[%mdl 512]} exd5 26. Rxe7 $11) (24... Rg7 $17 25. Qc1 Nc7) 25. Qc1 (25. Bb1 $11 Rg7 26. Rxe6 {[%mdl 64] Remove Defender} Bxe6 27. Nxe6 Qxe6 28. Qxd5) 25... Qf8 $2 (25... fxg5 26. Rxd5 $1 {[%mdl 512]} exd5 27. Rxe7 $14) ({Black should try} 25... Qg7 $19 26. Bb1 Rxg5 27. Nxg5 fxg5) 26. Nh3 (26. Nxe6 $11 Bxe6 27. Rxe6 $1 {[%mdl 576] Remove Defender} Rxe6 28. Rxd5) 26... Qg7 (26... Bxa4 $17 27. Rd4 Bc6) 27. g3 $1 Qh6 (27... Rg4 $11 {keeps the balance.}) 28. Qxh6 $16 Rxh6 29. Nh4 (29. Nf4 $14) 29... Bxa4 30. Rd4 Bb5 31. f4 Kg8 (31... Rg8 $11 32. Kf2 Nc7) 32. Nf2 {[%mdl 1024] [#] White has compensation.} Kf7 (32... Rxh4 $1 $11 {[%mdl 512] remains equal.} 33. gxh4 f5) 33. Ne4 {aiming for Nd6+.} Rd8 {[#]} 34. Nc5 $1 {[%cal Rc5e6]} Rd6 35. Ne4 Rd8 36. Nc5 Rd6 $1 37. Ne4 (37. Nf3 $14) 37... Rd7 38. Nc5 Re7 39. Rxd5 Rxh4 $1 (39... exd5 $2 {perishes.} 40. Rxe7+ Kxe7 41. Nf5+ Kf7 42. Nxh6+ $18) 40. Rd6 $36 {[%mdl 2048] White has good play.} Rh5 $1 {[%cal Rh5c5]} 41. Nxe6 Bd7 {[%cal Rd7e6]} 42. g4 {Rxd7 is the strong threat.} Rh4 43. f5 Rxg4+ 44. Kf2 Nc6 $2 (44... Bxe6 $11 {and Black has nothing to worry.} 45. fxe6+ Ke8) 45. h3 $18 Rh4 46. Kg3 Rh5 47. Kg4 Rh6 48. Bxc4 Bxe6 $2 (48... Ke8 {is a better defense.} 49. Bd5 Ne5+ 50. Rxe5 fxe5) 49. Rdxe6 ({Weaker is} 49. Bxe6+ Kf8 $16) (49. Rexe6 $142 Ke8 50. Bd5) 49... Rxe6 50. Rxe6 ({Not} 50. Bxe6+ Ke7 $16) 50... Kf8 $2 {[#]} (50... Nd8 $18) 51. Rxc6 $1 bxc6 52. Bxa6 {[%mdl 4096] Endgame KR-KB} c5 53. Be2 {White mates.} Ke7 54. b4 cxb4 55. cxb4 Kd6 56. b5 Kc5 57. h4 Kd5 58. h5 Kd6 59. Kf4 Kd5 60. Ke3 Ke5 61. b6 Kd6 62. b7 Kc7 63. Bf3 Rxh5 64. Bxh5 Kxb7 {[#]} 65. Bg6 $1 {[%mdl 512]} h6 (65... hxg6 66. fxg6) 66. Ke4 {Accuracy: White = 54%, Black = 32%.} 1-0

[Event "Rodostosah GM 2019"]
[Site "Tekirdag"]
[Date "2019.02.15"]
[Round "9.3"]
[White "Ozen, Deniz"]
[Black "Pikula, Dejan"]
[Result "1/2-1/2"]
[WhiteElo "2410"]
[BlackElo "2477"]
[Annotator "TA"]
[PlyCount "60"]
[EventDate "2019.02.08"]
[EventType "schev"]
[EventCountry "TUR"]
[SourceTitle "playchess.com"]
[Source "ChessBase"]
[SourceQuality "1"]

{[%evp 32,60,0,-5,0,0,0,0,1,0,0,0,0,0,0,0,0,0,0,-7,0,0,1,0,0,0,0,0,0,-3,0]} 1. d4 d5 2. c4 c6 3. cxd5 cxd5 4. Bf4 Nf6 5. Nc3 a6 6. Nf3 Nc6 7. e3 Bf5 8. Bd3 Bxd3 9. Qxd3 e6 10. O-O Bd6 11. Bxd6 Qxd6 12. Rac1 O-O 13. h3 Rac8 14. a3 Rc7 {D14: Slav Defence: Exchange variation with ...Bf5} 15. Rc2 Rfc8 16. Rfc1 Ne7 (16... h6 17. Nd2 Na5 18. Ne2 Rxc2 19. Rxc2 Rxc2 20. Qxc2 Qc6 21. Qxc6 Nxc6 22. Nc3 Kf8 23. Kf1 Ke7 24. Ke2 Kd6 {½-½ (42) Dreev,A (2667)-Mamedyarov,S (2743) Dubai 2014}) 17. Ne2 {LiveBook: 5 Games. The position is equal.} (17. g3 {seems wilder.} g6 18. Kg2 h5 19. Ne5 Kg7 20. Ne2) 17... Rxc2 18. Rxc2 Rxc2 19. Qxc2 Qc6 20. Qxc6 Nxc6 $11 {[%mdl 4096] Endgame KNN-KNN} 21. Nc1 $146 ({Predecessor:} 21. Nc3 Kf8 22. Kf1 Ke7 23. Ke2 {½-½ (23) Vakhidov,J (2295)-Barbosa,O (2506) Bandar Seri Begawan 2011}) 21... Nd7 22. Kf1 Kf8 23. Ke2 Ke7 24. Kd1 Kd6 25. Nd3 h6 26. Kc2 Ne7 27. Nfe5 Nxe5 28. Nxe5 f6 29. Nd3 b6 30. b3 g5 1/2-1/2

[Event "Rodostosah GM 2019"]
[Site "Tekirdag"]
[Date "2019.02.15"]
[Round "9.4"]
[White "Can, Isik"]
[Black "Stankovic, Milos"]
[Result "1/2-1/2"]
[WhiteElo "2382"]
[BlackElo "2453"]
[Annotator "TA"]
[PlyCount "111"]
[EventDate "2019.02.08"]
[EventType "schev"]
[EventCountry "TUR"]
[SourceTitle "playchess.com"]
[Source "ChessBase"]
[SourceQuality "1"]

{[%evp 9,111,22,16,-9,20,4,20,0,21,0,0,-28,-24,-24,-16,-21,57,39,70,34,67,49,65,28,71,61,48,56,123,127,122,127,128,132,135,143,121,100,117,117,112,102,216,224,224,224,224,225,221,224,213,212,218,218,212,212,212,216,208,207,334,333,371,365,361,361,347,341,293,279,558,527,526,439,393,216,217,219,218,152,150,162,159,150,156,86,102,0,141,102,102,74,66,60,54,54,152,139,147,0,166,0,159,0]} 1. e4 c6 2. d4 d5 3. e5 c5 4. dxc5 e6 5. a3 (5. Nf3 Bxc5 6. a3 Ne7 7. Bd3 Ng6 8. O-O O-O 9. Nbd2 Nc6 10. b4 Bb6 11. Bxg6 fxg6 12. Nb3 Bd7 13. Re1 {1-0 (29) Anand,V (2773)-Mamedyarov,S (2817) Wijk aan Zee 2019}) 5... Bxc5 6. b4 {B12: Caro-Kann: Advance Variation} Bb6 7. Nf3 Ne7 8. Bd3 {The position is equal.} a5 9. Bb2 axb4 10. Nbd2 $146 (10. axb4 $5 {[%cal Ra1a8]} Rxa1 11. Bxa1 $11) ({Predecessor:} 10. axb4 Rxa1 11. Bxa1 Na6 12. Bc3 Nc7 {½-½ (68) Kollars,D (2498)-Landa,K (2607) Germany 2017}) 10... Nbc6 11. axb4 Rxa1 12. Qxa1 Ng6 (12... Nxb4 $11 13. Qa4+ Nbc6) 13. b5 $14 Nb8 14. Ba3 Nd7 15. O-O Nc5 16. g3 Ne7 17. Nb3 Nxd3 18. cxd3 Bd7 (18... O-O $14) 19. Nc5 $16 Bxc5 20. Bxc5 Bxb5 21. Qa3 {aiming for Nd4.} Nc6 22. Rb1 {[%mdl 1024] White has strong compensation.} Ba6 23. Rb6 $1 {[%cal Rb6c6] Strongly threatening Rxc6!} Qc7 24. Qa4 $1 Qd7 25. Qg4 f5 (25... g6 $16) 26. exf6 $1 $18 gxf6 27. Nd4 Nxd4 28. Bxd4 ({Weaker is} 28. Qxd4 Kf7 $11) 28... e5 29. Re6+ Kd8 {[#]} 30. Qf5 $1 {[%cal Rf5f6]} Kc8 31. Qxf6 Re8 {[#]} 32. Rd6 $1 $40 {[%mdl 128] White has strong attack.} Qe7 {Hoping for ...Qxf6.} 33. Qf5+ Kb8 34. Bc5 Rf8 (34... Qc7 {was worth a try.} 35. Rxd5 Qc8) 35. Qh5 Rc8 {[#]} 36. Rc6 $1 {[%mdl 512] And now Rxc8+ would win.} Qe8 (36... bxc6 37. Bxe7) 37. Rxc8+ Qxc8 38. Qxe5+ {[%mdl 64] Double Attack} Ka8 39. Qxd5 Qe8 $2 (39... Bxd3 {was necessary.} 40. Be3 Be2 41. Qa5+ Ba6) 40. Be3 Bb5 41. Qc5 {[%csl Ge3][%cal Rc5a7]} Kb8 42. Qa7+ (42. d4 $142) 42... Kc7 43. Qa5+ Kd6 44. Qc3 {Qd4+ is the strong threat.} Qh5 45. Qf6+ Kd7 46. Qg7+ Kc8 47. Qf8+ (47. h3 $142 {Black must now prevent Bb6.} Bc6 48. Kh2) 47... Kd7 $16 48. Qg7+ Kc8 $1 49. Qc3+ Bc6 {( -> ...Qd1+)} 50. Qh8+ Kd7 {[%cal Rh5d1]} 51. Qd4+ Ke8 {[%cal Rh5d1]} 52. g4 $1 Qf7 (52... Qh3 $14 53. Qe5+ Kd7) 53. Qh8+ Kd7 54. Qd4+ Ke8 $1 55. Qh8+ Kd7 $1 {intending ...Qf3.} 56. Qd4+ $2 {Accuracy: White = 47%, Black = 49%.} (56. Kf1 $16) 1/2-1/2

[Event "Rodostosah GM 2019"]
[Site "Tekirdag"]
[Date "2019.02.15"]
[Round "9.5"]
[White "Ozenir, Ekin Baris"]
[Black "Lajthajm, Borko"]
[Result "0-1"]
[WhiteElo "2262"]
[BlackElo "2431"]
[Annotator "TA"]
[PlyCount "184"]
[EventDate "2019.02.08"]
[EventType "schev"]
[EventCountry "TUR"]
[SourceTitle "playchess.com"]
[Source "ChessBase"]
[SourceQuality "1"]

{[%evp 9,184,22,29,12,33,12,10,5,9,12,35,15,31,19,33,6,25,8,6,0,0,0,0,-7,0,0,0,0,0,0,0,0,0,0,0,0,6,0,0,0,14,14,16,13,29,0,8,6,14,16,9,8,7,0,0,0,6,-37,-37,-55,-31,-45,-29,-29,0,-27,0,0,0,0,0,0,0,0,0,0,0,0,0,0,0,0,0,0,0,8,8,0,0,-34,0,0,0,0,0,0,0,0,0,0,0,0,0,0,0,0,0,0,0,0,0,0,0,0,0,0,0,0,0,0,0,0,0,-199,-199,-199,-199,-199,-199,-198,-198,-199,-199,-191,-191,-191,-191,-199,0,-5073,-5935,-2322,-2303,-2026,-2145,-1985,-1945,-1726,-1550,-29970,-29971,-29967,-29968,-29971,-29975,-29981,-29982,-29982,-29983,-29984,-29979,-29978,-29978,-29973,-29974,-29986,-29987,-29987,-29988,-29988,-29989,-29991,-29992,-29992,-29993,-29993,-29993]} 1. Nf3 Nf6 2. b3 d6 3. d4 Bg4 4. Bb2 Bxf3 5. gxf3 (5. exf3 d5 6. g3 e6 7. f4 Be7 8. Bg2 Nbd7 9. Nd2 O-O 10. O-O Re8 11. c4 c6 {1-0 (46) Anton Guijarro,D (2642)-Zavgorodniy,S (2420) Skopje 2018}) 5... g6 6. Bg2 $146 {A46: 1 d4 Nf6 2 Nf3 e6: Torre, London and Colle Systems} ({Predecessor:} 6. Nd2 d5 7. e3 Nbd7 8. c4 c6 9. Bd3 Qc7 10. f4 e6 11. a3 b6 {1-0 (28) Dezelin,M (2263)-Brankovic,S (1743) Paracin 2016}) 6... Bg7 7. f4 c6 8. e3 {The position is equal.} Nbd7 9. Nd2 {[%cal Bb1d2,Bd2f1,Bf1g3][%mdl 32]} Qa5 10. c3 Qf5 11. Nf1 Qg4 12. Ng3 (12. Qxg4 {is interesting.} Nxg4 13. a4 e6 14. a5 a6 15. h3) 12... Qxd1+ 13. Rxd1 (13. Kxd1 {feels hotter.} e6 14. e4 d5 15. e5 Ng8 16. Kc2) 13... e6 14. c4 d5 15. cxd5 cxd5 16. Bf1 Bf8 17. Bd3 Bb4+ 18. Ke2 Ke7 19. a3 Bd6 20. Nf1 Rhc8 21. Nd2 Rc7 22. Rc1 Rac8 23. Rxc7 Rxc7 24. Nf3 h5 25. Ne5 Nb6 26. f3 a5 27. a4 Bb4 28. Bb1 Ne8 29. Nd3 Bd6 30. Rc1 (30. e4 {looks sharper.} Kf8 31. Kd2 Nc8 32. Bc3 b6 33. Bb2) 30... Nc8 31. e4 (31. Rf1 {with more complications.} Kf8 32. e4 Ne7 33. Rg1 Nc6 34. Kf2) 31... Rxc1 32. Bxc1 Na7 33. e5 Bc7 34. Ba3+ Kd8 35. Bf8 Nc6 36. Ke3 Bb6 37. Nc5 Bxc5 38. Bxc5 $11 {[%mdl 4096] Endgame KBB-KNN} Kc7 39. Bf8 b6 40. Bd3 Kd7 41. Bb5 Nc7 42. Bxc6+ Kxc6 {KB-KN} 43. Kf2 b5 44. Be7 Kd7 45. Bc5 bxa4 46. bxa4 Na6 47. Bb6 Nb4 48. Ke2 Nc6 49. Kf1 Ke8 50. Kg2 f6 51. Kg3 Kf7 52. Kh4 Kg7 53. Kg3 g5 54. h4 gxf4+ 55. Kxf4 fxe5+ 56. dxe5 Kg6 57. Bc7 Nb4 58. Bxa5 Nd3+ 59. Ke3 Nb2 {...Nc4+ is the strong threat.} 60. Bc3 $1 {[%cal Rc3b2]} Nxa4 61. Bd4 Kf5 62. Ke2 Kg6 63. Kd3 Kf5 64. Ke3 Kg6 65. Kd2 {Threatens to win with Kc2.} Kf5 66. Kc2 $2 (66. Ke3 $11) 66... Kf4 $19 67. Kb3 Kxf3 68. Kxa4 {KB-K3P} Kg3 $1 {[%cal Rg3h4]} 69. Kb4 {Strongly threatening Kc5.} Kxh4 {Hoping for ...Kg3.} 70. Kc5 Kg3 $1 71. Kd6 h4 {And now ...h3 would win.} 72. Kxe6 {KB-KPP} h3 73. Bg1 {[#]} Kg2 $2 ({Black should try} 73... d4 $1 $19 {[%cal Rd4d3][%mdl 512]} 74. Kf5 (74. Bxd4 h2) 74... d3) 74. Kf6 $2 {[%mdl 8192]} (74. Kd6 $11) 74... Kxg1 {KPP-KP} 75. e6 h2 76. e7 h1=Q {( -> ...Qh5)} 77. e8=Q {KQ-KQ} Qf3+ 78. Kg7 d4 79. Kh7 Qh3+ {Black mates.} 80. Kg8 Qg3+ 81. Kh8 d3 82. Qd7 Qh2+ 83. Kg8 d2 84. Qd3 Qg2+ 85. Kh8 Kh1 86. Qb1+ Kh2 87. Qb8+ Qg3 88. Qd8 Qh3+ 89. Kg8 Qg4+ 90. Kh8 d1=Q 91. Qc7+ Kh3 92. Qc3+ Qdf3 {Accuracy: White = 61%, Black = 67%.} 0-1